000 00945nam a2200289 c 4500
003 EG-GICUC
005 20260409104834.0
008 260409s1964 it ||||fr|||| 00| 0 ita d
040 _aEG-GiCUC
_bita
_cEG-GiCUC
_dEG-GiCUC
_eRda
041 0 _aita
082 0 4 _221
_a341.23
_bDU . O
092 0 4 _221
099 _aLaw1 11 341.23 DU . O 1964
100 1 _aDurante, Francesco
_eAuteur
245 1 2 _aL'ordinamento Interno Delle Nazioni Unite /
_cFrancesco Durante.
264 1 _aMilano :
_b A. Giuffre Editore ,
_c1964.
300 _a448 page,
_c 24 cm.
336 _2rda contenu
_a texte
337 _2rda medias
_aOrdinateur
338 _2 transporteur rda
_a Ressource en ligne
490 _aUniversità Di Catania
_v44
504 _aComprend des références bibliographiques.
650 1 4 _aDroit international public
856 4 0 _uhttps://fll.law.cu.edu.eg/fulltext/bks/B11-05079.pdf
905 _a48
942 _2ddc
_cBK
_e21
_n0
999 _c69804
_d69804